000 01472nam0a22003251 4500
001 rc\2285062
005 20250623043127.0
035 _a(NLR Aleph) 006563923
090 _a6873231
_c6873231
100 _a20110829d1976 |||y0rusy50 ca
101 0 _arus
102 _aRU
105 _aa z |||||
200 1 _aПробоотборники для отбора газа и конденсата из двухфазного потока
_fГ.И. Задора
_gВсесоюз. науч.-исслед. ин-т экономики, организации производства и техн.-экон. информации в газовой пром-сти
210 _aМосква
_cВНИИЭгазпром
_d1976
215 _a43 с.
_cсхем.
_d20
225 1 _aНаучно-технический обзор
_iСерия "Разработка и эксплуатация газовых и газоконденсатных месторождений"
300 _aНа обл. авт. не указан
320 _aСписок лит.: с. 37-43 (121 назв.)
606 _aПробоотборники для газов
_2psbo
686 _aИ362-7
_2rubbk
686 _aО76-082.02-7
_2rubbk
700 1 _aЗадора
_bГ.И.
_gГеннадий Иванович
801 0 _aRU
_bNLR
_gpsbo
801 1 _aRU
_bELAR
_2rusmarc
852 _aNLR
_j76-4/21036
899 _aRuMoRGB
_jБ 76-54/730
899 _aRuMoRGB
_jБ 76-54/731
942 _cBOOK
980 _aNB